00000000nam##2200000za#4500
0019.691291
003CaOODSP
00520210624232714
007cr |||||||||||
008150407|2008||||xxc|||||o    f|0| 0 eng|d
040 |aCaOODSP|beng
043 |an-cn---
0861 |aF2-186/2008E-PDF
1101 |aCanada. |bDepartment of Finance.
24510|aTreasury risk management framework for the government of Canada |h[electronic resource]
260 |aOttawa - Ontario : |bFinance Canada |cUpdated January 2008.
300 |a41p.|bfigs., tables
590 |a08-30|b2008-07-25
69007|aFiscal policy|2gcpds
69007|aRisk management|2gcpds
77508|tCadre de gestion du risque de trésorerie du gouvernement du Canada |w(CaOODSP)9.635623
85640|ahttp://publications.gc.ca|qPDF|s290 Kb|uhttps://publications.gc.ca/collections/collection_2008/fin/F2-186-2008E.pdf